[Event "Figueres op 11th"]
[Site "Figueres"]
[Date "2010.08.17"]
[Round "8"]
[White "Gallegos Saliner, Josep M"]
[Black "Mayer, Christian"]
[Result "1-0"]
[WhiteElo "1560"]
[BlackElo "1877"]
[PlyCount "63"]
[EventDate "2010.08.11"]
[EventType "swiss"]
[EventRounds "9"]
[EventCountry "ESP"]
[SourceTitle "CBM 137 Extra"]
[Source "ChessBase"]
[SourceDate "2010.09.01"]
[SourceVersion "1"]
[SourceVersionDate "2010.09.01"]
[SourceQuality "1"]

1. e4 c6 2. d4 d5 3. exd5 cxd5 4. c4 Nf6 5. Nc3 e6 6. Nf3 Bb4 7. cxd5 Nxd5 8. Bd2 Nc6 9. Bd3 0-0 10. 0-0 Be7 11. a3 Nf6 12. Be3 b6 13. Qc2 Bb7 14. Rfd1 Rc8 15. Rac1 Re8 16. Bf4 g6 17. Bb5 a6 18. Ba4 b5 19. Bb3 Na5 20. Ba2 Nd5 21. Bxd5 Bxd5 22. Qe2 Bb3 23. Re1 Nc4 24. Nd1 g5 25. Bg3 h5 26. h3 Bxd1 27. Rexd1 Qd5 28. Ne5 Nxe5 29. Bxe5 Rxc1 30. Rxc1 f6 31. Qxh5 fxe5 32. Qxe8+ 1-0

[Event "Figueres op 11th"]
[Site "Figueres"]
[Date "2010.08.12"]
[Round "2"]
[White "Cruanas Verdu, Joaquin"]
[Black "Mayer, Christian"]
[Result "0-1"]
[WhiteElo "1554"]
[BlackElo "1877"]
[PlyCount "78"]
[EventDate "2010.08.11"]
[EventType "swiss"]
[EventRounds "9"]
[EventCountry "ESP"]
[SourceTitle "CBM 137 Extra"]
[Source "ChessBase"]
[SourceDate "2010.09.01"]
[SourceVersion "1"]
[SourceVersionDate "2010.09.01"]
[SourceQuality "1"]

1. e4 c6 2. d4 d5 3. Nc3 dxe4 4. Nxe4 Bf5 5. Ng3 Bg6 6. Nf3 Nf6 7. Ne5 Nbd7 8. Nxg6 hxg6 9. Bc4 e6 10. Bg5 Qa5+ 11. Qd2 Qc7 12. 0-0-0 Bd6 13. Qe3 0-0-0 14. Ne4 Be7 15. Bf4 Qa5 16. Bd6 Nxe4 17. Bxe7 Rde8 18. Qxe4 Rxe7 19. d5 Nf6 20. Qe3 cxd5 21. Bb3 Rc7 22. Rd4 Qc5 23. Qd3 Ne4 24. Rf1 Rxh2 25. f3 Ng3 26. Re1 Rxg2 27. c4 Qb4 28. Rd1 Ne2+ 29. Kb1 Nxd4 30. Qxd4 b6 31. Rf1 Qd2 32. Qxg7 d4 33. Qf8+ Kb7 34. Qa3 Rc5 35. Rh1 Ra5 36. Ba4 Rxa4 37. Qb3 Rb4 38. Qxb4 Qxb4 39. b3 Qc3 0-1